Introducing Kyoto / (Record no. 26499)
[ view plain ]
| 000 -LEADER | |
|---|---|
| fixed length control field | 00889nam a2200265 i 4500 |
| 001 - CONTROL NUMBER | |
| control field | 26499 |
| 003 - CONTROL NUMBER IDENTIFIER | |
| rucl marc code | BD-RjUL |
| 005 - DATE AND TIME OF LATEST TRANSACTION | |
| control field | 20211209051027.0 |
| 008 - FIXED-LENGTH DATA ELEMENTS--GENERAL INFORMATION | |
| fixed length control field | 140322r19851979ja a 00000 eng d |
| 020 ## - INTERNATIONAL STANDARD BOOK NUMBER | |
| Canceled/invalid ISBN | 0870013844 : |
| International Standard Book Number | 0870119044 (pbk.) |
| 035 ## - SYSTEM CONTROL NUMBER | |
| System control number | (BD-RjUL) 26569 |
| 040 ## - CATALOGING SOURCE | |
| Modifying agency | VMOU |
| Original cataloging agency | BD-RjUL |
| Language of cataloging | eng |
| Transcribing agency | BD-RjUL |
| 041 ## - LANGUAGE CODE | |
| Language code of text/sound track or separate title | eng |
| 082 00 - DEWEY DECIMAL CLASSIFICATION NUMBER | |
| Classification number | 952.191 |
| Author mark and year | PLI 1985 |
| 100 1# - MAIN ENTRY--PERSONAL NAME | |
| Personal name | Plutschow, Herbert E., |
| 9 (RLIN) | 81504 |
| 245 00 - TITLE STATEMENT | |
| Title | Introducing Kyoto / |
| Statement of responsibility, etc. | text, Herbert E. Plutschow ; foreword, Donald Keene. |
| 250 ## - EDITION STATEMENT | |
| Edition statement | 1st ed. |
| 260 ## - PUBLICATION, DISTRIBUTION, ETC. (IMPRINT) | |
| Place of publication, distribution, etc. | Tokyo : |
| Name of publisher, distributor, etc. | Kodansha International ; |
| Place of publication, distribution, etc. | New York : |
| Name of publisher, distributor, etc. | distributed in the United States through Harper & Row, |
| Date of publication, distribution, etc. | 1979. [Printed 1985] |
| 300 ## - PHYSICAL DESCRIPTION | |
| Pagination | 72 p. : |
| Illustrations | ill. ; |
| Size | 31 cm. |
| 651 #0 - SUBJECT ADDED ENTRY--GEOGRAPHIC NAME | |
| Geographic name | Kyoto (Japan) |
| General subdivision | Description and travel. |
| 9 (RLIN) | 81505 |
| 710 2# - ADDED ENTRY--CORPORATE NAME | |
| Corporate name or jurisdiction name as entry element | Kodansha Intanashonaru Kabushiki Kaisha. |
| 9 (RLIN) | 81506 |
| 942 ## - ADDED ENTRY ELEMENTS (KOHA) | |
| Source of classification or shelving scheme | Dewey Decimal Classification |
| Koha item type | Books |
| Lost status | Source of classification or shelving scheme | Damaged status | Not for loan | Collection code | Permanent Location | Current Location | Shelving location | Date acquired | Source of acquisition | Total Checkouts | Full call number | Date last seen | Copy number | Koha item type |
|---|---|---|---|---|---|---|---|---|---|---|---|---|---|---|
| Dewey Decimal Classification | Added to bundle | Non-fiction | Central Library, University of Rajshahi | Central Library, University of Rajshahi | Reading Room | 28/01/1989 | From the Japan Foundation Gift | 952.191 PLI 1985 | 22/03/2014 | C-1 | Books |